| 000 | 00788nac a22002171u 4500 | ||
|---|---|---|---|
| 010 | _a 2004042322 | ||
| 020 | _a0072860820 (alk. paper) | ||
| 020 | _a0071115471 | ||
| 082 | 0 | 0 |
_a658 _bJ7101 |
| 090 |
_c2344 _d2344 |
||
| 100 | _aJones, Gareth R. | ||
| 245 | 1 | 0 |
_aContemporary management / _cGareth R. Jones, Jennifer M. George. |
| 250 | _a4th ed. | ||
| 260 |
_aBoston : _aNew York : _bMcGraw-Hill/Irwin,2006 _c2006. |
||
| 300 |
_axxix. 780 p. : _bcol. ill. ; _c27 cm. _e1 CD-ROM (4 3/4 in.) |
||
| 504 | _aIncludes bibliographical references and indexes. | ||
| 650 | 0 | _aManagement. | |
| 700 | 1 | _aGeorge, Jennifer M. | |
| 942 |
_cBB _k658J7101 |
||
| 999 |
_c2344 _d2344 |
||